[Event "IX Floripa Chess Open Fort Atacadista"]
[Site "Florianópolis - Santa Catari"]
[Date "2023.01.23"]
[Round "1.82"]
[White "Ramazzotte, Adriano"]
[Black "Mariano, Marceley Martins"]
[Result "0-1"]
[WhiteElo "1490"]
[BlackElo "2089"]
[PlyCount "64"]
[EventDate "2023.01.23"]
[EventRounds "10"]
[EventCountry "BRA"]

1. d4 d5 2. c4 c6 3. cxd5 cxd5 4. Nc3 Nc6 5. Nf3 Nf6 6. Bg5 e6 7. e3 Be7 8. Bd3
O-O 9. O-O a6 10. Rc1 Bd7 11. a3 Rc8 12. Bb1 h6 13. Bh4 Ne8 14. Qd3 f5 15. Bg3
Nd6 16. Ne5 Ne4 17. Ne2 Nxg3 18. Nxg3 Nxe5 19. dxe5 Bb5 20. Qd2 Bxf1 21. Kxf1
Rxc1+ 22. Qxc1 Qc8 23. Qxc8 Rxc8 24. Ne2 Bc5 25. Ke1 b5 26. b4 Ba7 27. Kd2 Bb8
28. f4 Ba7 29. Bd3 Kf7 30. h3 g5 31. g3 gxf4 32. exf4 Bf2 0-1

[Event "IX Floripa Chess Open Fort Atacadista"]
[Site "Florianópolis - Santa Catari"]
[Date "2023.01.23"]
[Round "1.83"]
[White "Araujo Filho, Luiz Antonio Coel"]
[Black "Machado, Wesley Henrique"]
[Result "1-0"]
[WhiteElo "2089"]
[BlackElo "1487"]
[PlyCount "141"]
[EventDate "2023.01.23"]
[EventRounds "10"]
[EventCountry "BRA"]

1. d4 Nf6 2. Nf3 e6 3. e3 b6 4. Bd3 Bb7 5. Nbd2 c5 6. O-O d5 7. c3 c4 8. Bc2
Nc6 9. e4 Be7 10. Re1 O-O 11. e5 Nd7 12. Nf1 Re8 13. Ng3 Nf8 14. Bf4 Ng6 15.
Qd2 b5 16. Bg5 Bxg5 17. Nxg5 Nce7 18. Nf3 a5 19. a4 Bc6 20. axb5 Bxb5 21. Ra2
Qd7 22. Qg5 Ra6 23. h4 h6 24. Qg4 Rea8 25. h5 Nf8 26. Nh4 Nh7 27. f4 Kh8 28. f5
exf5 29. Nhxf5 Ng5 30. Qf4 Ne6 31. Qf2 Nxf5 32. Nxf5 Ng5 33. Qf4 Ne6 34. Qg3
Ng5 35. Nd6 Bc6 36. Rf1 Rf8 37. Rf5 Qe7 38. Ra1 Bd7 39. Rf4 Be6 40. Rf2 a4 41.
Rxa4 Rxa4 42. Bxa4 Qa7 43. Bc2 Qa1+ 44. Kh2 Qxb2 45. Bf5 Qb8 46. Qg4 Kg8 47.
Qf4 Qd8 48. Nb7 Qc8 49. Nd6 Qd8 50. Bb1 Qb6 51. Qc1 Rb8 52. Bf5 Bxf5 53. Nxf5
Ne4 54. Rf3 Qb1 55. Qxb1 Rxb1 56. Ne7+ Kf8 57. Nxd5 Rb5 58. Ne3 Rb3 59. Nxc4
Rxc3 60. Rxc3 Nxc3 61. Ne3 Ne2 62. d5 Nf4 63. g4 Nd3 64. Nc4 Ke7 65. Kg3 Nc5
66. Ne3 Nd3 67. Nf5+ Kf8 68. e6 Nb4 69. e7+ Ke8 70. d6 Kd7 71. Nxg7 1-0

[Event "IX Floripa Chess Open Fort Atacadista"]
[Site "Florianópolis - Santa Catari"]
[Date "2023.01.23"]
[Round "1.84"]
[White "Pereira, Francisco Neris"]
[Black "Dias, Anderson Tatsch"]
[Result "0-1"]
[WhiteElo "1482"]
[BlackElo "2087"]
[PlyCount "66"]
[EventDate "2023.01.23"]
[EventRounds "10"]
[EventCountry "BRA"]

1. d4 d5 2. c4 e5 3. dxe5 d4 4. Nf3 Nc6 5. g3 Bg4 6. Bg2 Qd7 7. O-O O-O-O 8.
Nbd2 Bh3 9. Ne4 Bxg2 10. Kxg2 Qf5 11. Neg5 h6 12. Nh4 Qd7 13. Ne4 Nxe5 14. Kg1
g5 15. Nf3 Nxf3+ 16. exf3 f5 17. Nd2 Bg7 18. Rb1 h5 19. b4 h4 20. g4 h3 21. Nb3
fxg4 22. Bxg5 Bf6 23. Bf4 Nh6 24. Re1 Qf5 25. Qd2 gxf3 26. Bg3 Ng4 27. Qf4 Qxf4
28. Bxf4 Bh4 29. Rb2 Rhf8 30. Bg3 Bxg3 31. hxg3 Rfe8 32. Rd1 Re2 33. Rbd2 h2+
0-1

[Event "IX Floripa Chess Open Fort Atacadista"]
[Site "Florianópolis - Santa Catari"]
[Date "2023.01.23"]
[Round "1.85"]
[White "Ferreira, Thales Bond Dias"]
[Black "De Souza, Carlos Alberto"]
[Result "1-0"]
[WhiteElo "2085"]
[BlackElo "1474"]
[PlyCount "57"]
[EventDate "2023.01.23"]
[EventRounds "10"]
[EventCountry "BRA"]

1. c4 c5 2. Nc3 e5 3. g3 g6 4. Bg2 Bg7 5. d3 d6 6. Nf3 Nf6 7. O-O O-O 8. Ne1
Nc6 9. Nc2 Be6 10. Ne3 Qd7 11. Re1 Rab8 12. Ned5 Bxd5 13. Nxd5 Nxd5 14. Bxd5
Ne7 15. Bg2 b5 16. Rb1 b4 17. b3 a5 18. Bb2 Rb6 19. e3 Ra6 20. d4 Qe6 21. Qd2
d5 22. cxd5 Nxd5 23. dxc5 Ne7 24. Rbc1 Nc6 25. Red1 Rd8 26. Qxd8+ Nxd8 27.
Rxd8+ Bf8 28. Bb7 Ra7 29. c6 1-0

[Event "IX Floripa Chess Open Fort Atacadista"]
[Site "Florianópolis - Santa Catari"]
[Date "2023.01.23"]
[Round "1.86"]
[White "Vinales Gonzalez, Enzo Mathias"]
[Black "Perez, Hernan"]
[Result "0-1"]
[WhiteElo "1473"]
[BlackElo "2081"]
[PlyCount "60"]
[EventDate "2023.01.23"]
[EventRounds "10"]
[EventCountry "BRA"]

1. e4 c5 2. Nf3 d6 3. d4 cxd4 4. Nxd4 Nf6 5. Nc3 g6 6. Be3 Bg7 7. f3 O-O 8. Qd2
Nc6 9. Bc4 Bd7 10. O-O-O Rc8 11. Bb3 Nxd4 12. Bxd4 b5 13. Nd5 Nxd5 14. Bxg7
Kxg7 15. exd5 a5 16. a3 b4 17. axb4 axb4 18. Qxb4 Kg8 19. h4 Qc7 20. g4 Rb8 21.
Qc3 Qa7 22. h5 Rfc8 23. Qd3 Rb4 24. hxg6 fxg6 25. c4 Bb5 26. Rxh7 Rbxc4+ 27.
Bxc4 Rxc4+ 28. Qxc4 Qe3+ 29. Kb1 Bxc4 30. Rdh1 Bxd5 0-1

[Event "IX Floripa Chess Open Fort Atacadista"]
[Site "Florianópolis - Santa Catari"]
[Date "2023.01.23"]
[Round "1.87"]
[White "Silva, Caio Henrique Angel"]
[Black "Pimentel, Lucas Dos Santos"]
[Result "1-0"]
[WhiteElo "2081"]
[BlackElo "1470"]
[PlyCount "49"]
[EventDate "2023.01.23"]
[EventRounds "10"]
[EventCountry "BRA"]

1. Nf3 Nf6 2. d4 d5 3. g3 e6 4. Bg2 Be7 5. O-O O-O 6. c4 c6 7. Nc3 Nbd7 8. b3
Re8 9. Bb2 Nf8 10. Nd2 Ng6 11. e4 dxe4 12. Ncxe4 Qc7 13. Qf3 Nxe4 14. Nxe4 e5
15. d5 cxd5 16. cxd5 Bd6 17. Rac1 Qe7 18. h4 f5 19. Nxd6 Qxd6 20. Qc3 Bd7 21.
Qc7 Qxc7 22. Rxc7 Bb5 23. Re1 Ba6 24. h5 Nf8 25. Rxe5 1-0

[Event "IX Floripa Chess Open Fort Atacadista"]
[Site "Florianópolis - Santa Catari"]
[Date "2023.01.23"]
[Round "1.88"]
[White "Calcada, Henrique Galvan"]
[Black "Lima, Kleyton Alcantara"]
[Result "0-1"]
[WhiteElo "1469"]
[BlackElo "2080"]
[PlyCount "76"]
[EventDate "2023.01.23"]
[EventRounds "10"]
[EventCountry "BRA"]

1. Nf3 Nf6 2. c4 e6 3. g3 d5 4. b3 c5 5. e3 dxc4 6. bxc4 Nc6 7. Qe2 e5 8. d3
Bg4 9. a3 e4 10. dxe4 Ne5 11. Bg2 Nd3+ 12. Kd1 Nxf2+ 13. Kc2 Nxh1 14. Bxh1 Nxe4
15. Bb2 Nf6 16. Nc3 Be7 17. Rd1 Qc8 18. Nd5 Qf5+ 19. Kc1 Nxd5 20. Rxd5 Qg6 21.
Qf2 Be6 22. Re5 O-O 23. Nh4 Bxh4 24. Be4 Qg4 25. gxh4 Rad8 26. Bc2 f6 27. Re4
Rd1+ 28. Bxd1 Qxe4 29. Bc2 Qh1+ 30. Bd1 Rd8 31. Qe2 Bf5 32. Bc3 Rd3 33. Bb2 Qg1
34. Qf3 h5 35. Bd4 Rxd1+ 36. Qxd1 Qxd1+ 37. Kxd1 cxd4 38. exd4 Bd3 0-1

[Event "IX Floripa Chess Open Fort Atacadista"]
[Site "Florianópolis - Santa Catari"]
[Date "2023.01.23"]
[Round "1.89"]
[White "Madeira, Wagner Martins"]
[Black "Mendes, Ana Beatriz Dias Gu"]
[Result "1-0"]
[WhiteElo "2080"]
[BlackElo "1464"]
[PlyCount "59"]
[EventDate "2023.01.23"]
[EventRounds "10"]
[EventCountry "BRA"]

1. d4 d5 2. Nf3 Nf6 3. e3 e6 4. Bd3 c5 5. c3 Be7 6. O-O O-O 7. Nbd2 Nc6 8. Qe2
Bd7 9. Ne5 Qc7 10. f4 Be8 11. Rf3 Nd7 12. Bxh7+ Kh8 13. Rh3 Nf6 14. Nf1 g6 15.
Bxg6+ Kg7 16. Bd3 Rg8 17. Ng3 Kf8 18. Bd2 Bd8 19. Rf1 Qb6 20. Be1 cxd4 21. exd4
Nxe5 22. fxe5 Ng4 23. Nh5 Bc7 24. Kh1 f5 25. exf6 e5 26. f7 Bxf7 27. Rhf3 Nh6
28. Rf6 Bd6 29. Rxh6 e4 30. Qf2 1-0

[Event "IX Floripa Chess Open Fort Atacadista"]
[Site "Florianópolis - Santa Catari"]
[Date "2023.01.23"]
[Round "1.90"]
[White "Orofino, Gabriel"]
[Black "Medeiros Jr, Francisco De Assis"]
[Result "0-1"]
[WhiteElo "1460"]
[BlackElo "2071"]
[PlyCount "86"]
[EventDate "2023.01.23"]
[EventRounds "10"]
[EventCountry "BRA"]

1. e4 c6 2. d4 g6 3. Be3 d5 4. Nc3 Bg7 5. Be2 dxe4 6. Nxe4 Nd7 7. Qd2 Ngf6 8.
f3 O-O 9. Bh6 Qb6 10. O-O-O Nxe4 11. fxe4 c5 12. Bxg7 Kxg7 13. dxc5 Qxc5 14.
Qd4+ e5 15. Qd5 f6 16. Qe6 Nb6 17. Qd6 Qxd6 18. Rxd6 Bd7 19. Nf3 Bc6 20. Rxc6
bxc6 21. h4 Rab8 22. b3 a5 23. a4 Nd7 24. Nd2 Nc5 25. Bf3 Rb4 26. h5 Rd8 27.
Nc4 Rxc4 28. h6+ Kf7 29. bxc4 Rd4 30. Kb2 Rxc4 31. c3 Nxa4+ 32. Kb3 Nb6 33. Ra1
Rc5 34. Be2 f5 35. Rf1 Ke6 36. Rd1 Kf6 37. Rd8 Kg5 38. Rb8 Nd7 39. Rb7 Nf8 40.
Rf7 fxe4 41. Bc4 e3 42. Be2 Rd5 43. Kc2 Rd2+ 0-1

[Event "IX Floripa Chess Open Fort Atacadista"]
[Site "Florianópolis - Santa Catari"]
[Date "2023.01.23"]
[Round "1.91"]
[White "Fernandini, Felipe Piacente"]
[Black "Carvalho, Felipe Lobo C."]
[Result "1/2-1/2"]
[WhiteElo "1451"]
[BlackElo "2068"]
[PlyCount "87"]
[EventDate "2023.01.23"]
[EventRounds "10"]
[EventCountry "BRA"]

1. e4 c5 2. Nf3 Nc6 3. d4 cxd4 4. Nxd4 Nf6 5. Nc3 e5 6. Ndb5 d6 7. Bg5 a6 8.
Na3 b5 9. Bxf6 gxf6 10. Nd5 f5 11. Bd3 Be6 12. c3 Bg7 13. Qh5 Rb8 14. Rb1 Ne7
15. Nxe7 Qxe7 16. exf5 Bxa2 17. Rd1 b4 18. cxb4 Rxb4 19. O-O Rxb2 20. Bxa6 O-O
21. Bd3 e4 22. Rfe1 Qa7 23. Bxe4 Qxf2+ 24. Kh1 Bf6 25. Rf1 Qe3 26. Bd3 Bd5 27.
Nc2 Qe5 28. Rde1 Qc3 29. Re3 Qd2 30. Rg3+ Kh8 31. Rd1 Qf4 32. Rh3 h6 33. Ne3
Bb7 34. Bc4 Rg8 35. Bd5 Qg5 36. Bxb7 Qxh5 37. Rxh5 Rxb7 38. Rxh6+ Kg7 39. Rh3
Be5 40. Nc4 Rb4 41. Nxe5 dxe5 42. Rg3+ Kh7 43. Rh3+ Kg7 44. Rg3+ 1/2-1/2

[Event "IX Floripa Chess Open Fort Atacadista"]
[Site "Florianópolis - Santa Catari"]
[Date "2023.01.23"]
[Round "1.92"]
[White "Mazetto, Sergio Luiz"]
[Black "Koinski, Carlos Cesar"]
[Result "1-0"]
[WhiteElo "2065"]
[BlackElo "1450"]
[PlyCount "93"]
[EventDate "2023.01.23"]
[EventRounds "10"]
[EventCountry "BRA"]

1. e4 c5 2. Nc3 b6 3. Nf3 e6 4. d4 cxd4 5. Nxd4 Bb7 6. g3 Ne7 7. Bg2 Nbc6 8.
Ndb5 Ng6 9. Nd6+ Bxd6 10. Qxd6 Nce7 11. h4 Nc8 12. Qd4 O-O 13. h5 e5 14. Qd3
Nge7 15. h6 g6 16. Bg5 f6 17. Be3 Qc7 18. O-O-O d6 19. Bh3 f5 20. Bg5 a6 21.
Rhe1 b5 22. f4 b4 23. Nd5 Nxd5 24. exd5 e4 25. Rxe4 a5 26. Qd4 Qf7 27. Rde1
Bxd5 28. Re7 Nxe7 29. Rxe7 Be4 30. Rxf7 Rxf7 31. Bf1 Rc8 32. Bc4 d5 33. Bxd5
Rxc2+ 34. Kd1 Bxd5 35. Kxc2 Rd7 36. Qc5 Be4+ 37. Kc1 Bb7 38. Qxa5 Bf3 39. Qxb4
Rc7+ 40. Kd2 Rd7+ 41. Ke3 Bb7 42. Qb6 Rf7 43. Bf6 Be4 44. Qb8+ Rf8 45. Qb3+ Rf7
46. Bg7 Bb7 47. Qe6 1-0

[Event "IX Floripa Chess Open Fort Atacadista"]
[Site "Florianópolis - Santa Catari"]
[Date "2023.01.23"]
[Round "1.93"]
[White "Ribeiro, Erica De Jesus"]
[Black "Soares, Joao Carlos T. C."]
[Result "0-1"]
[WhiteElo "1445"]
[BlackElo "2062"]
[PlyCount "84"]
[EventDate "2023.01.23"]
[EventRounds "10"]
[EventCountry "BRA"]

1. e4 e6 2. d4 d5 3. Nd2 dxe4 4. Nxe4 Nf6 5. Bg5 Be7 6. Nxf6+ gxf6 7. Be3 Nc6
8. c3 Bd7 9. Qh5 f5 10. Nf3 Bf6 11. Bg5 a6 12. Bxf6 Qxf6 13. Qh4 Qg7 14. Qg3
Qg4 15. Qxg4 fxg4 16. Nd2 e5 17. dxe5 Nxe5 18. Nc4 Ng6 19. O-O-O O-O-O 20. g3
Bc6 21. Rxd8+ Rxd8 22. Rg1 b5 23. Ne3 Ne5 24. Be2 h5 25. Rd1 Re8 26. Rd2 Nf3
27. Bxf3 Bxf3 28. Rd4 Be4 29. Rd2 f5 30. Rd4 h4 31. Rd2 Rf8 32. Rd4 c5 33. Rd6
Kc7 34. Rd2 Kc6 35. a3 Bf3 36. Kc2 f4 37. gxf4 Rxf4 38. Nf1 Re4 39. Ne3 g3 40.
hxg3 hxg3 41. fxg3 Rxe3 42. Rd3 Be4 0-1

[Event "IX Floripa Chess Open Fort Atacadista"]
[Site "Florianópolis - Santa Catari"]
[Date "2023.01.23"]
[Round "1.94"]
[White "Martins, Anderson Donay"]
[Black "Soares, Rafael Tuma"]
[Result "1-0"]
[WhiteElo "2058"]
[BlackElo "1440"]
[PlyCount "85"]
[EventDate "2023.01.23"]
[EventRounds "10"]
[EventCountry "BRA"]

1. e4 c5 2. Nf3 Nc6 3. d4 cxd4 4. Nxd4 Nf6 5. Nc3 d6 6. Bc4 Bd7 7. Bg5 e5 8.
Ndb5 Bg4 9. Bxf6 Bxd1 10. Bxd8 Rxd8 11. Rxd1 a6 12. Nc7+ Kd7 13. N7d5 b5 14.
Bb3 Be7 15. Nxe7 Kxe7 16. Nd5+ Kd7 17. Ne3 Nd4 18. c3 Nxb3 19. axb3 g6 20. Ra1
Ra8 21. Ra5 Ra7 22. Ke2 Rha8 23. Rha1 Kc6 24. Kd3 f6 25. c4 bxc4+ 26. bxc4 Kd7
27. b4 Rb7 28. b5 Ke6 29. Rxa6 Rc8 30. Ra7 Rcb8 31. R1a6 f5 32. Nd5 h6 33. Rxb7
Rxb7 34. c5 fxe4+ 35. Kxe4 Kf7 36. c6 Rxb5 37. c7 Rc5 38. Rxd6 Rc4+ 39. Kxe5
Rc2 40. Rd7+ Ke8 41. Rh7 Re2+ 42. Ne3 Rd2 43. c8=Q+ 1-0

[Event "IX Floripa Chess Open Fort Atacadista"]
[Site "Florianópolis - Santa Catari"]
[Date "2023.01.23"]
[Round "1.95"]
[White "De Lima, Lucas Taveira"]
[Black "Guerrero, Alvaro"]
[Result "0-1"]
[WhiteElo "1437"]
[BlackElo "2058"]
[PlyCount "56"]
[EventDate "2023.01.23"]
[EventRounds "10"]
[EventCountry "BRA"]

1. c4 g6 2. Nc3 Bg7 3. g3 d6 4. Bg2 c6 5. d4 Nd7 6. e4 e5 7. Nge2 h5 8. h3 Nh6
9. Be3 f5 10. Qd2 Nf7 11. exf5 gxf5 12. d5 c5 13. h4 Nf6 14. Bg5 a6 15. Rb1 Qc7
16. f3 Bd7 17. a4 O-O 18. Bh3 Rae8 19. Bxf6 Bxf6 20. O-O Kh8 21. Kh2 Rg8 22. g4
hxg4 23. fxg4 f4 24. g5 Bxg5 25. hxg5 Bxh3 26. Qe1 Bxf1 27. Qh4+ Kg7 28. g6 Rh8
0-1

[Event "IX Floripa Chess Open Fort Atacadista"]
[Site "Florianópolis - Santa Catari"]
[Date "2023.01.23"]
[Round "1.96"]
[White "Lage, Pedro Ferreira"]
[Black "Rey, Antonio"]
[Result "1-0"]
[WhiteElo "2055"]
[BlackElo "1434"]
[PlyCount "33"]
[EventDate "2023.01.23"]
[EventRounds "10"]
[EventCountry "BRA"]

1. Nf3 d5 2. g3 e6 3. Bg2 Nf6 4. O-O Be7 5. d4 O-O 6. c4 dxc4 7. Qc2 c5 8. Rd1
Qb6 9. Nbd2 cxd4 10. Nxc4 Qc5 11. Nxd4 Rd8 12. Be3 Ng4 13. Nc6 Rxd1+ 14. Rxd1
Nxe3 15. Nxe7+ Qxe7 16. Nxe3 Nd7 17. Qc7 1-0

[Event "IX Floripa Chess Open Fort Atacadista"]
[Site "Florianópolis - Santa Catari"]
[Date "2023.01.23"]
[Round "1.97"]
[White "Dias, Clara"]
[Black "Camara, Terbio Jose"]
[Result "0-1"]
[WhiteElo "1430"]
[BlackElo "2055"]
[PlyCount "76"]
[EventDate "2023.01.23"]
[EventRounds "10"]
[EventCountry "BRA"]

1. e4 c5 2. Nf3 e6 3. d4 cxd4 4. Nxd4 Nc6 5. Nc3 Qc7 6. Be2 a6 7. O-O Nf6 8.
Be3 Bb4 9. Nxc6 bxc6 10. Na4 Rb8 11. Qd3 d5 12. e5 Qxe5 13. a3 Bd6 14. f4 Qe4
15. b4 Qxd3 16. Bxd3 O-O 17. Bc5 Rd8 18. Bb6 Re8 19. Bc5 Bc7 20. Rae1 a5 21. c3
Nd7 22. Bd4 f6 23. Rf3 e5 24. fxe5 fxe5 25. Bf5 Nf6 26. Bxc8 Rbxc8 27. Bb6 e4
28. Rh3 axb4 29. cxb4 Bxb6+ 30. Nxb6 Rb8 31. Na4 d4 32. Nc5 g5 33. Rg3 h6 34.
Rh3 Kg7 35. Rd1 d3 36. Kf2 e3+ 37. Ke1 d2+ 38. Ke2 Nd5 0-1

[Event "IX Floripa Chess Open Fort Atacadista"]
[Site "Florianópolis - Santa Catari"]
[Date "2023.01.23"]
[Round "1.98"]
[White "Peroza, Eduardo Antunes"]
[Black "Leite, Gina Dourado Rocha"]
[Result "1-0"]
[WhiteElo "2053"]
[BlackElo "1430"]
[PlyCount "65"]
[EventDate "2023.01.23"]
[EventRounds "10"]
[EventCountry "BRA"]

1. e4 c5 2. Nf3 a6 3. c4 Nc6 4. d4 cxd4 5. Nxd4 e5 6. Nc2 Nf6 7. Nc3 Bb4 8.
Nxb4 Nxb4 9. Be2 h6 10. O-O d6 11. Be3 h5 12. f3 O-O 13. Qd2 Nh7 14. Rad1 Qf6
15. Qxd6 Nc6 16. Qxf6 Nxf6 17. Rd2 Be6 18. Rfd1 h4 19. Nd5 Nh7 20. Nc7 Rad8 21.
Nxe6 Rxd2 22. Rxd2 fxe6 23. Bc5 Re8 24. Rd7 Nd8 25. Bb6 Nf7 26. Rxb7 g5 27. c5
Nd8 28. Rb8 Nf6 29. Bxd8 Nd7 30. c6 Nxb8 31. c7 Nc6 32. c8=Q Ne7 33. Qxe6+ 1-0

[Event "IX Floripa Chess Open Fort Atacadista"]
[Site "Florianópolis - Santa Catari"]
[Date "2023.01.23"]
[Round "1.99"]
[White "Oliveira, Tiago Batista"]
[Black "Garcia, Erich Douglas Ribei"]
[Result "1-0"]
[WhiteElo "2047"]
[BlackElo "1427"]
[PlyCount "59"]
[EventDate "2023.01.23"]
[EventRounds "10"]
[EventCountry "BRA"]

1. d4 d5 2. c4 e6 3. g3 Nf6 4. Bg2 Be7 5. Nf3 O-O 6. O-O c6 7. Nbd2 Na6 8. Ne5
Nc7 9. Qc2 Nd7 10. Ndf3 Nxe5 11. Nxe5 f6 12. Nf3 Re8 13. Rd1 Bf8 14. Bf4 Bd6
15. Bxd6 Qxd6 16. e4 Qd8 17. Rac1 Bd7 18. Ne1 Rc8 19. Nd3 b6 20. b3 Re7 21. Nf4
e5 22. dxe5 fxe5 23. exd5 cxd5 24. Nxd5 Nxd5 25. Bxd5+ Kh8 26. Be4 Qf8 27. Bxh7
Bc6 28. Be4 Qe8 29. Rd6 Bd7 30. Bg6 1-0

[Event "IX Floripa Chess Open Fort Atacadista"]
[Site "Florianópolis - Santa Catari"]
[Date "2023.01.23"]
[Round "1.100"]
[White "Cabral, Vivian De Paiva"]
[Black "Hataby, Raed"]
[Result "0-1"]
[WhiteElo "1348"]
[BlackElo "1979"]
[PlyCount "70"]
[EventDate "2023.01.23"]
[EventRounds "10"]
[EventCountry "BRA"]

1. d4 d6 2. e4 g6 3. Nf3 Bg7 4. Bd3 Nd7 5. Be3 e5 6. c3 Ngf6 7. Nbd2 Ng4 8. Qe2
Nxe3 9. Qxe3 h5 10. Bc4 a6 11. a3 b5 12. Bd5 Rb8 13. O-O O-O 14. h3 Qe7 15.
dxe5 Nxe5 16. Nxe5 dxe5 17. Bb3 c5 18. f4 c4 19. Bc2 Bh6 20. Nf3 Bxf4 21. Qe2
Be6 22. Nd4 exd4 23. Rxf4 d3 24. Qf2 dxc2 25. Qxc2 Rbd8 26. Raf1 f5 27. Qe2
fxe4 28. Qxe4 Qc5+ 29. Kh1 Bf5 30. Qf3 Rd3 31. Qb7 Qd6 32. R1f2 Re8 33. Qa7 Re7
34. Qa8+ Kg7 35. R4f3 Rd1+ 0-1

[Event "IX Floripa Chess Open Fort Atacadista"]
[Site "Florianópolis - Santa Catari"]
[Date "2023.01.23"]
[Round "1.101"]
[White "Pinto, Vanderlei"]
[Black "Pertuzatti, Daniel"]
[Result "0-1"]
[WhiteElo "1346"]
[BlackElo "1973"]
[PlyCount "64"]
[EventDate "2023.01.23"]
[EventRounds "10"]
[EventCountry "BRA"]

1. Nf3 d5 2. e3 Bg4 3. Be2 Nf6 4. b3 c5 5. Bb2 Nc6 6. c4 Bxf3 7. Bxf3 d4 8.
Bxc6+ bxc6 9. d3 e5 10. e4 Be7 11. h3 O-O 12. O-O Qc7 13. Bc1 Nd7 14. f4 f5 15.
Qe2 fxe4 16. Qxe4 Bd6 17. f5 Nf6 18. Qh4 e4 19. dxe4 Bg3 20. Bf4 Nxe4 21. Bxc7
Bxh4 22. Rf4 Bg3 23. Rxe4 Bxc7 24. g4 Ba5 25. Na3 Rae8 26. Rxe8 Rxe8 27. Kf2
Re3 28. Rh1 Rd3 29. Nb1 Kf7 30. h4 Kf6 31. Rg1 Ke5 32. Rg3 Be1+ 0-1

[Event "IX Floripa Chess Open Fort Atacadista"]
[Site "Florianópolis - Santa Catari"]
[Date "2023.01.23"]
[Round "1.103"]
[White "Souza Dos Santos, Matheus Garcett"]
[Black "De Brito, Gabrielly Rodrigues"]
[Result "1-0"]
[WhiteElo "2041"]
[BlackElo "1415"]
[PlyCount "65"]
[EventDate "2023.01.23"]
[EventRounds "10"]
[EventCountry "BRA"]

1. e4 d6 2. d4 Nf6 3. Nc3 c6 4. f4 Qa5 5. Bd3 e5 6. fxe5 dxe5 7. dxe5 Qxe5 8.
Nf3 Qa5 9. Bd2 Qd8 10. Qe2 Be7 11. O-O-O Be6 12. h3 Nbd7 13. g4 h6 14. Kb1 Qc7
15. Nd4 Nc5 16. Nxe6 Nxe6 17. Rhf1 Rf8 18. Bc4 O-O-O 19. h4 Nd7 20. Be3 Bxh4
21. Bxa7 Bf6 22. Bg1 Qa5 23. Rf5 Qc7 24. Bh2 Qb6 25. e5 Nd4 26. Rxd4 Qxd4 27.
exf6 Nxf6 28. Rf4 Qd2 29. Bd3 Qxe2 30. Nxe2 Rfe8 31. Nc1 Re1 32. Bf5+ Nd7 33.
Ra4 1-0

[Event "IX Floripa Chess Open Fort Atacadista"]
[Site "Florianópolis - Santa Catari"]
[Date "2023.01.23"]
[Round "1.104"]
[White "Monteiro, Helen Ramazzotte"]
[Black "Araujo, Renan Aparecido"]
[Result "0-1"]
[WhiteElo "1412"]
[BlackElo "2041"]
[PlyCount "60"]
[EventDate "2023.01.23"]
[EventRounds "10"]
[EventCountry "BRA"]

1. c4 e5 2. Nc3 Bb4 3. g3 Bxc3 4. bxc3 d6 5. Bg2 Nc6 6. d3 Nge7 7. Nf3 O-O 8.
a4 a5 9. Ba3 Bd7 10. Nd2 Qc8 11. c5 d5 12. c4 d4 13. Rb1 Rb8 14. O-O Bh3 15.
Rb5 Bxg2 16. Kxg2 f5 17. Qb1 Rf6 18. Qb2 Rh6 19. Rb1 f4 20. h4 fxg3 21. fxg3
Qg4 22. Ne4 Nf5 23. Kf2 Rf8 24. Rg1 Nd6+ 25. Ke1 Nxe4 26. dxe4 Qxe4 27. Qd2
Rhf6 28. Qd3 Qg4 29. Rxb7 e4 30. Qd2 Qxg3+ 0-1

[Event "IX Floripa Chess Open Fort Atacadista"]
[Site "Florianópolis - Santa Catari"]
[Date "2023.01.23"]
[Round "1.105"]
[White "Sekula, Markley Ribas"]
[Black "Bernardo, Henrique Carvalho"]
[Result "1-0"]
[WhiteElo "2040"]
[BlackElo "1405"]
[PlyCount "39"]
[EventDate "2023.01.23"]
[EventRounds "10"]
[EventCountry "BRA"]

1. d4 Nf6 2. Nf3 g6 3. g3 Bg7 4. Bg2 d5 5. O-O O-O 6. c4 e6 7. Nc3 b6 8. cxd5
exd5 9. Ne5 Bb7 10. Bf4 Nbd7 11. Qa4 Nxe5 12. Bxe5 Re8 13. e3 c5 14. Rac1 Qc8
15. Bxf6 Bxf6 16. Nxd5 Bxd5 17. Bxd5 Rb8 18. Qxa7 Re7 19. Qa3 Qf5 20. e4 1-0

[Event "IX Floripa Chess Open Fort Atacadista"]
[Site "Florianópolis - Santa Catari"]
[Date "2023.01.23"]
[Round "1.106"]
[White "Pavao, Alice Lara Biasi"]
[Black "Boff, Lucas Strauss"]
[Result "0-1"]
[WhiteElo "1401"]
[BlackElo "2036"]
[PlyCount "108"]
[EventDate "2023.01.23"]
[EventRounds "10"]
[EventCountry "BRA"]

1. c4 Nf6 2. g3 g6 3. Bg2 Bg7 4. Nf3 O-O 5. O-O d5 6. cxd5 Nxd5 7. Nc3 c5 8. a3
Nc6 9. Nxd5 Qxd5 10. Qc2 Bd7 11. d3 Qd6 12. Bd2 Rac8 13. Rab1 b6 14. Rfe1 Rfd8
15. Qc4 Ne5 16. Nxe5 Bxe5 17. Bc3 Bd4 18. Bxd4 cxd4 19. Qd5 Qc5 20. Qxc5 Rxc5
21. Rbc1 Rdc8 22. Rb1 Be6 23. b4 Rc2 24. h3 Ra2 25. Ra1 Rcc2 26. Kf1 Kf8 27. a4
Rcb2 28. b5 Rxa1 29. Rxa1 Ra2 30. Rxa2 Bxa2 31. Bc6 Bb3 32. Ke1 Bxa4 33. Kd2 e5
34. Kc1 a6 35. Kb2 Bxb5 36. Bxb5 axb5 37. Kb3 Ke7 38. Kb4 Kd6 39. Kxb5 Kc7 40.
f3 f5 41. g4 f4 42. h4 h5 43. g5 Kb7 44. Kb4 Kc6 45. Kc4 b5+ 46. Kb4 Kb6 47.
Kb3 Kc5 48. Kc2 Kb4 49. Kb2 Ka4 50. Ka2 b4 51. Kb2 b3 52. Kb1 Ka3 53. Ka1 b2+
54. Kb1 Kb3 0-1

[Event "IX Floripa Chess Open Fort Atacadista"]
[Site "Florianópolis - Santa Catari"]
[Date "2023.01.23"]
[Round "1.107"]
[White "Silva, Guilherme Henrique "]
[Black "De Sousa, Elizeu Santiago Tav"]
[Result "1-0"]
[WhiteElo "2034"]
[BlackElo "1401"]
[PlyCount "109"]
[EventDate "2023.01.23"]
[EventRounds "10"]
[EventCountry "BRA"]

1. Nf3 f5 2. b3 d6 3. d4 e6 4. Bb2 Nf6 5. e3 Be7 6. Be2 O-O 7. O-O Ne4 8. Nfd2
d5 9. f3 Nf6 10. f4 Nbd7 11. Nf3 Ne4 12. c4 c5 13. cxd5 exd5 14. Nc3 Ndf6 15.
Nxe4 Nxe4 16. dxc5 Bxc5 17. Bd4 Be7 18. Bd3 Be6 19. Qc2 a6 20. Qb2 Bf6 21. Rac1
Rc8 22. Rxc8 Qxc8 23. Rc1 Qd8 24. Bxf6 Nxf6 25. Qd4 Qb8 26. Qb6 Bd7 27. Rc7 Bc6
28. Ne5 Rc8 29. Rxc8+ Qxc8 30. Nxc6 Qxc6 31. Qxc6 bxc6 32. Bxa6 Kf7 33. Bb7 c5
34. a4 Ke7 35. a5 Kd7 36. a6 Kc7 37. Kf2 c4 38. bxc4 dxc4 39. Ke2 Ne8 40. Bd5
Kb6 41. Bxc4 Nd6 42. Bd3 Ne4 43. Bxe4 fxe4 44. Kd2 Kxa6 45. Kc3 Kb6 46. Kd4 Kc6
47. Kxe4 Kd6 48. Kf5 Ke7 49. Ke5 Kf7 50. g4 Ke7 51. g5 Kf7 52. f5 Ke7 53. e4
Kf7 54. Kd6 g6 55. f6 1-0